Statistiques concernant Les joueurs de basketball avec des chaussures a leur nom

Cliquez ici pour prendre le quiz!

Statistiques générales

  • Ce quiz a été pris 151 fois
  • Le résultat moyen est 11 sur 31

Statistiques - réponses

MarqueJoueur% Correct
NikeLeBron James
92%
JordanMichael Jordan
91%
Under ArmourStephen Curry
87%
NikeKevin Durant
71%
NikeKyrie Irving
66%
AdidasJames Harden
64%
NikeKobe Bryant
64%
PumaLamelo Ball
59%
JordanLuka Doncic
57%
NikeJa Morant
50%
JordanJayson Tatum
46%
JordanChris Paul
39%
PeakTony Parker
39%
AdidasAnthony Edwards
38%
AdidasTrae Young
31%
AdidasDamian Lillard
29%
NikeDevin Booker
29%
JordanZion Williamson
29%
New BalanceKawhi Leonard
27%
NikeGiannis Antetokoumpo
24%
AdidasDerrick Rose
21%
AdidasDonovan Mitchell
20%
ConverseShai Gilgeous-Alexander
17%
Li-NingJimmy Butler
16%
361Aaron Gordon
10%
New BalanceZach LaVine
9%
PeakAndrew Wiggins
8%
Li-NingCJ McCollum
3%
PeakDwight Howard
3%
AntaKlay Tompson
3%
AntaGordon Hayward
2%

Distribution des résultats

Percentile par nombre de réponses

% des personnes avec chaque résultat

Votre développement - résultats

Vous n’avez pas pris ce quiz